01503cam a22003853a 45000010008000000030009000080050017000170070008000340080039000420100006000810200018000870400025001050820021001300920006001512450225001572600027003823000029004095000022004386000009004606500026004696500014004957000048005097000034005577000022005917000030006137000032006437100040006759100037007159420012007529450038007649520133008029520140009359560025010759990017011000000668DO-SdBNP20171113091654.00000668861112 2011 sp c 000 0 spa d a  a9789962040347 aBPMSUcspadBPMSUd  4a745.5942 bB623a a 00aBisutería artesanal y ecológica /cdirección y coordinación editorial María Cristina Parra Rodríguez ; producción y accesorios Astrid Margarita Sepúlveda ... [et. al] ; fotografías Gilberto Morales Roa a[s.l.]:bLexus,c2011. a198 p. :bretrs.c34 cm. aIncluye glosario 00a x  4aCONFECCIONES DE JOYAS 4aMACRAMÉ12aParra Rodríguez, María Cristinaecoord.12aSepúlveda, Astrid Margarita12aAguirre, Edwine.12aGálvis, Patriciaeprod.12aMorales Roa, Gilbertoefot. aArtesanías Calamarí M.E.eprod. aValidado. Control de calidad MFF 2ddccBK aInventariado extranjero / 2017 VM 00102ddc40708GENaBPMETbBPMETd2016-09-14eComprag3600.00l0o745.5942 B623apBPMSU16090241r2016-09-14w2016-09-14yBK 00102ddc40708GENaBPMETbBPMETd2016-09-14eComprag3600.00l0o745.5942 B623apBPMSU16090242r2016-09-14tej. 2w2016-09-14yBK 2YLOCKWARD3108BPMSU c11358d11358